¿Hacia dónde va el pensamiento español del siglo XXI? (Record no. 904513)
[ view plain ]
| 000 -CABECERA | |
|---|---|
| Campo de control de longitud fija | 00737nam a22002177a 4500 |
| 001 - NÚMERO DE CONTROL | |
| Campo de control | 129934 |
| 003 - IDENTIFICADOR DEL NÚMERO DE CONTROL | |
| Campo de control | ES-SlBCS |
| 005 - FECHA Y HORA DE LA ÚLTIMA TRANSACCIÓN | |
| Campo de control | 20260506075618.0 |
| 008 - CÓDIGOS DE INFORMACIÓN DE LONGITUD FIJA | |
| Campo de control de longitud fija | 260506b ||||| |||| 00| 0 spa d |
| 017 ## - NÚMERO DE COPYRIGHT O DE DEPÓSITO LEGAL | |
| Número de copyright o de depósito legal | BU 49-2026 |
| Agencia que asigna el número | Burgos |
| 020 ## - NÚMERO INTERANCIONAL NORMALIZADO PARA LIBROS (ISBN) | |
| Número Internacional Normalizado para Libros (ISBN) | 979-13-88067-24-2 |
| 040 ## - FUENTE DE LA CATALOGACIÓN | |
| Centro catalogador del origen | ES-SlBCS |
| Lengua de catalogación | spa |
| Centro modificador | ES-SlBCS |
| 100 1# - PUNTO DE ACCESO PRINCIPAL-NOMBRE DE PERSONA | |
| Nombre de persona | Susaeta Montoya, Fernando |
| 9 (RLIN) | 39859 |
| 245 1# - MENCIÓN DE TÍTULO | |
| Título | ¿Hacia dónde va el pensamiento español del siglo XXI? |
| Mención de responsabilidad, etc. | Fernando Susaeta Montoya |
| 260 ## - PUBLICACIÓN, DISTRIBUCIÓN, ETC... (PIE DE IMPRENTA) | |
| Lugar de publicación, distribución, etc. | Burgos |
| Nombre del editor, distribuidor, etc. | Grupo Editorial Fonte |
| Fecha de publicación, distribución, etc. | 2026 |
| 300 ## - DESCRIPCIÓN FÍSICA | |
| Extensión | 317 p., |
| Otras características físicas | tapa blanda |
| Dimensiones | 21 cm. |
| 490 0# - MENCIÓN DE SERIE | |
| Mención de serie | "ESPIRITU-NORTE" Obras para orientar |
| 500 1# - NOTA GENERAL | |
| Nota general | Donación del Autor |
| 650 #0 - PUNTO DE ACCESO ADICIONAL DE MATERIA-TÉRMINO DE MATERIA | |
| Término de materia o nombre geográfico como elemento inicial | Filosofía |
| Subdivisión de forma | Antropología |
| Subdivisión de materia general | colapso epistémico |
| Subdivisión cronológica | Siglo XXI |
| Subdivisión geográfica | España |
| 9 (RLIN) | 429567 |
| 942 ## - ENTRADA DE ELEMENTOS AGREGADOS (KOHA) | |
| Fuente de clasificaión o esquema | |
| Koha [por defecto] tipo de item | Libros |
| Suprimido | Perdido | Fuente de clasificación o esquema | Estropeado | No para préstamo | Localización permanente | Localización actual | Fecha adquisición | Préstamos totales | Signatura completa | Número de Registro / Código de Barras | Fecha última consulta | Fecha del precio de reemplazo | Tipo de item de Koha |
|---|---|---|---|---|---|---|---|---|---|---|---|---|---|
| San Esteban | San Esteban | 06/05/2026 | 111 SUS hac | 129934 | 06/05/2026 | 06/05/2026 | Libros |
